| 000 | 00612cam a2200181 a 4500 | ||
|---|---|---|---|
| 001 | 000002606 | ||
| 005 | 20200929150225.0 | ||
| 008 | 700615s1970 nyua 000 0 eng | ||
| 040 |
_aDO-SdBNP _bspa _cBNPHU |
||
| 082 |
_a808.82 _bK44u |
||
| 245 | 0 | 0 |
_aKeys to understanding : _breceiving and sending. Drama / _cPaul C. Holmes y Anita J. Lehman, compiladores. |
| 260 |
_aNew York : _bHarper & Row, _c1970. |
||
| 300 |
_axix, 459 p. ; _c21 cm. |
||
| 650 | 4 |
_aDrama _xColecciones _98213 |
|
| 650 | 4 |
_aLiteratura estadounidense _9263 |
|
| 700 | 1 |
_aHolmes, Paul C., _ecomp. _98214 |
|
| 700 | 1 |
_aLehman, Anita J., _ecomp. _98215 |
|
| 999 |
_c2442 _d2442 |
||